MARC

LEADER 00000nas1a2200000 4500
001 380306
005 20231101062646.0
035 |a (RuTPU)RU\TPU\prd\1129 
035 |a BOOK00001130 
090 |a 380306 
100 |a 20011210d19581990u y0gery50 ba 
101 0 |a ger 
102 |a DE 
110 |a afa uu0 
200 1 |a Annalen der Physik. 7 Folge  |e magazin  |f Deutschen Physikalischen gesellschaft  |f ed. G. Richter, W. Walcher 
210 |a Leipzig  |c Verlag von Johann Ambrosius  |d 1958-1990 
430 1 |0 (RuTPU)RU\TPU\prd\1128  |t Annalen der Physik. 6 Folge  |o magazin  |f ed. Moglich  |c Leipzig  |n Verlag von Johann Ambrosius  |d 1950-1957 
430 1 |0 (RuTPU)RU\TPU\prd\1127  |t Annalen der Physik. 5 Folge  |o magazin  |f ed. E. Gruneisen, M. Planck  |c Leipzig  |n Verlag von Johann Ambrosius  |d 1929-1933 
430 1 |0 (RuTPU)RU\TPU\prd\1126  |t Annalen der Physik. 4 Folge  |o magazin  |f ed. Paul Drude  |c Leipzig  |n Verlag von Johann Ambrosius  |d 1900-1928 
430 1 |0 (RuTPU)RU\TPU\prd\1125  |t Annalen der Physik und Chemie. Neue Folge  |o magazin  |f ed. G. Wiedemann  |c Leipzig  |n Verlag von Johann Ambrosius  |d 1841-1899 
610 1 |a физика 
610 1 |a химическая физика 
702 1 |a Richter  |b G.  |4 340 
702 1 |a Walcher  |b W.  |4 340 
801 0 |a RU  |b 63413507  |c 20011210  |g PSBO 
801 2 |a RU  |b 63413507  |c 20150310  |g RCR 
942 |c CR